Normal view
MARC view
- Vollmer, Michael, Mollmann, Klous Peter
Entry Personal Name
001 - CONTROL NUMBER
- control field: 68877
003 - CONTROL NUMBER IDENTIFIER
- control field: NUST
005 - DATE AND TIME OF LATEST TRANSACTION
- control field: 20210628204132.0
008 - FIXED-LENGTH DATA ELEMENTS
- fixed length control field: 210628|| aca||aabn | a|a d
040 ## - CATALOGING SOURCE
- Original cataloging agency: NUST
- Transcribing agency: NUST
100 ## - HEADING--PERSONAL NAME
- Personal name: Vollmer, Michael, Mollmann, Klous Peter
670 ## - SOURCE DATA FOUND
- Source citation: Work cat.: (NUST): Vollmer, Michael, Mollmann, Klous Peter, Uncooled thermal imaging, fundamentals, research and applications, 2010
